[Event "HUN-ch U10"]
[Site "Tapolca"]
[Date "2020.08.17"]
[Round "4"]
[White "Szuhorukov, Marcell"]
[Black "Bod, Marton"]
[Result "1-0"]
[WhiteElo "1452"]
[BlackElo "1279"]
[PlyCount "117"]
[EventDate "2020.08.15"]
[EventType "swiss"]
[EventRounds "7"]
[EventCountry "HUN"]
[SourceTitle "EXT 2023"]
[Source "ChessBase"]
[SourceDate "2022.10.05"]
[SourceVersion "1"]
[SourceVersionDate "2022.10.05"]
[SourceQuality "1"]
[WhiteTeam "Hungary"]
[BlackTeam "Hungary"]
[WhiteTeamCountry "HUN"]
[BlackTeamCountry "HUN"]

1. e4 c5 2. Nf3 Nc6 3. d4 cxd4 4. Nxd4 g6 5. Nc3 Bg7 6. Nde2 Nf6 7. g3 d6 8. Bg2 Be6 9. 0-0 h5 10. Nd5 h4 11. Nef4 hxg3 12. hxg3 Kd7 13. Nxe6 fxe6 14. Nf4 g5 15. Nd3 Qa5 16. Bd2 Qb6 17. Be3 Qd8 18. Nc5+ Kc8 19. Nxe6 Qg8 20. Nxg5 Bh6 21. Bh3+ Kb8 22. Be6 Qg6 23. Nf7 Bxe3 24. Nxh8 Qxg3+ 25. Kh1 Bxf2 26. Qd3 Qh4+ 27. Kg2 Nxe4 28. Qh3 Qg5+ 29. Qg4 Qe5 30. Nf7 Qd4 31. Rad1 Qe3 32. Rd3 Qc5 33. Qxe4 Bd4 34. c3 Bf6 35. Qd5 Qb6 36. Rxf6 Kc7 37. Rf2 Rg8+ 38. Kf1 Qa6 39. Nxd6 Rd8 40. Nb5+ Kb6 41. Qf5 Rh8 42. c4 Qa5 43. Qe4 Ka6 44. Qd5 Nb4 45. Nc7+ Kb6 46. Qxa5+ Kxa5 47. Ra3+ Kb6 48. Nd5+ Nxd5 49. Bxd5 a6 50. Rb3+ Kc5 51. Rxb7 a5 52. Rf4 Rh3 53. a3 a4 54. Re4 e6 55. Rb5+ Kd6 56. Rxe6+ Kd7 57. Rb7+ Kd8 58. Ra6 Rh7 59. Ra8# 1-0

[Event "HUN-ch U10"]
[Site "Tapolca"]
[Date "2020.08.16"]
[Round "3"]
[White "Onodi, Miklos"]
[Black "Szuhorukov, Marcell"]
[Result "1-0"]
[WhiteElo "1682"]
[BlackElo "1452"]
[PlyCount "103"]
[EventDate "2020.08.15"]
[EventType "swiss"]
[EventRounds "7"]
[EventCountry "HUN"]
[SourceTitle "EXT 2023"]
[Source "ChessBase"]
[SourceDate "2022.10.05"]
[SourceVersion "1"]
[SourceVersionDate "2022.10.05"]
[SourceQuality "1"]
[WhiteTeam "Hungary"]
[BlackTeam "Hungary"]
[WhiteTeamCountry "HUN"]
[BlackTeamCountry "HUN"]

1. d4 e6 2. Bf4 f5 3. e3 Nf6 4. Nf3 b6 5. Bd3 Bb7 6. 0-0 Be7 7. Nbd2 0-0 8. a4 d6 9. a5 Ne4 10. a6 Bc6 11. c3 Nxd2 12. Nxd2 e5 13. dxe5 dxe5 14. Bc4+ Kh8 15. Bxe5 Nd7 16. Bd4 Qe8 17. Qe2 Qg6 18. f3 Rae8 19. Qd3 Bd6 20. Rfe1 Qh5 21. Nf1 Qg5 22. Qe2 Ne5 23. Bxe5 Bxe5 24. Qf2 Bd6 25. Rad1 Rf6 26. Rd2 Ref8 27. Qe2 f4 28. e4 Rh6 29. b4 Rg6 30. Bd5 Be8 31. Qc4 Be5 32. b5 Qf6 33. Rc2 Bd7 34. Qb4 Bd6 35. e5 Bxb4 36. exf6 Bc5+ 37. Kh1 Rgxf6 38. c4 Rg6 39. Nd2 Bf5 40. Be4 Rg5 41. Bxf5 Rgxf5 42. Ne4 Be3 43. Rd1 R5f7 44. Rc3 h6 45. Rcd3 g5 46. Rd7 Kg7 47. Rxf7+ Rxf7 48. Rd8 Rf8 49. Rxf8 Kxf8 50. Nf6 Bd4 51. Nd5 Be5 52. Nb4 1-0

[Event "EU-ch U08"]
[Site "Bratislava"]
[Date "2019.08.06"]
[Round "5"]
[White "Szuhorukov, Marcell"]
[Black "Rosa, Jose Lourenco Jesus"]
[Result "1-0"]
[WhiteElo "1347"]
[BlackElo "1003"]
[PlyCount "59"]
[EventDate "2019.08.02"]
[EventType "swiss"]
[EventRounds "9"]
[EventCountry "SVK"]
[SourceTitle "EXT 2020"]
[Source "ChessBase"]
[SourceDate "2019.10.17"]
[SourceVersion "1"]
[SourceVersionDate "2019.10.17"]
[SourceQuality "1"]

1. e4 d6 2. d4 Nf6 3. Bc4 Nxe4 4. Bxf7+ Kxf7 5. Qh5+ g6 6. Qd5+ Ke8 7. Qxe4 Nc6 8. a3 Bf5 9. Qe3 Bg7 10. c3 Bxb1 11. Rxb1 e5 12. Nf3 Qe7 13. d5 Nb8 14. 0-0 Nd7 15. Re1 Rf8 16. Nd4 Rf7 17. Ne6 Rc8 18. b4 Bf6 19. Qxa7 b6 20. Qb7 Rb8 21. Qxc7 Bh4 22. g3 Qf6 23. Be3 Qf3 24. Qxd6 Rc8 25. Nc7+ Kd8 26. Bxb6 Rb8 27. Ne6+ Ke8 28. Rxe5 Rxb6 29. Nc7+ Kd8 30. Re8# 1-0